| 000 | 00379nam a2200145Ia 4500 | ||
|---|---|---|---|
| 008 | 240624s9999 xx 000 0 und d | ||
| 041 | _aeng | ||
| 082 | _a152.4 WEH | ||
| 100 | _aWEHRENBERG MARGARET | ||
| 245 | _a10 BEST EVER ANXIETY MANAGEMENT TECHNIQU | ||
| 250 | _a(2nd ed.) | ||
| 260 |
_c2018 _aNew York _bW W Norton & Company |
||
| 300 | _a248 p.; 23 cm. | ||
| 365 |
_c _b33 |
||
| 999 |
_c32099 _d32099 |
||